00522nam a2200169Ia 4500008004100000020001400041041000800055082001600063100003200079245002300111250000600134260003100140300001200171650002200183999001900205952012800224210716s2009 xx 000 0 und d a230636861 aeng a005.42 SATS aSathe, S R: Mohade, Anil S. aOperating systems. a1 aNew DelhibMacmillanc2009 axii,260 aOperating Systems c189990d189990 001040708MCAaAIMITbAIMITeAthulya Booksg275.00l0o005.42 SATSpMCA09498r2026-05-23 00:00:00v206.25w2021-07-16yBK